00435pab a2200169 454500008004000000100002100040245004300061260000900104300001300113362000800126650002000134650003000154650002500184650002200209650001200231773002200243180718b2000 xxu||||| |||| 00| 0 eng d aHussain, Mustafa aIslam, media and minorities in Denmark c2000 ap.95-116 aOct aIslam - Denmark aMinority groups - Denmark aMass media - Denmark aMuslims - Denmark aMuslims aCurrent Sociology